Noms de Pays dans leur Langue Officielle - Statistiques

Statistiques générales
  • Ce quiz a été pris 95 fois
  • Le résultat moyen est 7 sur 15
Statistiques - réponses
Pays Dans la langue officielle % Correct
Irlande Éire | Ireland
92%
Brésil Brasil
78%
Pologne Polska
70%
Inde भारत | India
69%
Kosovo Kosova | Косово
62%
Islande Ísland
59%
Belize Belize
58%
Indonésie Indonesia
57%
Turquie Türkiye
43%
Suède Sverige
26%
Japon 日本
19%
Russie Россия
10%
Hongrie Magyarország
10%
Chine 中國
6%
Thailande ประเทศไทย
2%
Aucun quiz correspondant
Distribution des résultats
% des personnes avec chaque résultat
Percentile par nombre de réponses
Votre historique - résultats
Vous n’avez pas pris ce quiz